000 00437cam a2200181ua 4500
020 _c24.00
041 _aeng
_h
082 _a670
_bYOU/MA
100 _aYoung, James.F .
245 _aMaterials and processes /
_cF.James Young.
_hTextual Documents
250 _a2 /
_b.
260 _aMumbai :
_bAsia Publishing House ,
_c1962.
300 _a1074 ; .
365 _a24.00
504 _a
942 _cBK
999 _c1635
_d1635